Pokémon by the Anime Pokédex entries - Statistics

General Stats
  • This quiz has been taken 1,048 times
  • The average score is 6 of 11
Answer Stats
Hint Answer % Correct
A flame burns on the tip of its tail from birth. It is said that a _______ dies if its flame ever goes out. Charmander
99%
This Tiny Turtle Pokémon draws its long neck into its shell to launch incredible water attacks with amazing range and accuracy. The blasts can be quite powerful. Squirtle
79%
It bears the seed of a plant on its back from birth. The seed slowly develops. Researchers are unsure whether to classify ______ as a plant or animal. ______ are extremely calm and very difficult to capture in the wild. Bulbasaur
65%
The Bubble Frog Pokémon. From its chest and back, ______ creates bubbles called Frubbles, which act as a cushion and soften the blow of an opponent's attack. Froakie
65%
The Wood Gecko Pokémon. ________ are able to climb smooth vertical walls and use their thick tail to attack opponents. Since _______ build their nests in large trees it is said that those trees will live a very long life. Treecko
63%
The Plasma Pokémon. _____ plays practical jokes, which it carries out by embedding its plasma body in electronic devices. Rotom
62%
The Compass Pokémon, and the evolved form of *********. Its body acts as a powerful magnet. It controls three smaller units called Mini-Noses. Probopass
56%
The core of this Water Pokémon shines in a rainbow of seven colors, a core that is valued by some as a type of jewelry Staryu
52%
The Aurora Pokémon. It travels the world and purifies water wherever it goes, sailing on the North Wind. Suicune
37%
There is no data. There still are Pokémon yet to be identified. Ho-oh
29%
No data (Kalos but was in Unova) Helioptile
12%
No matching quizzes found
Score Distribution
Percent of People with Each Score
Percentile by Number Answered
Your Score History
You have not taken this quiz